Most streamed songs in 2025 - Statistics

General Stats
  • This quiz has been taken 24 times
  • The average score is 4 of 15
Answer Stats
Chansons Artiste % Correct
Ordinary Alex Warren
80%
Golden Huntr/x
70%
DtMF Bad Bunny
50%
Abracadabra Lady Gaga
45%
Sports car Tate McRae
45%
Like Jennie Jennie
30%
EoO Bad Bunny
25%
Undressed Sombr
25%
BAILE INoLVIDABLE Bad Bunny
20%
NUEVAYoL Bad Bunny
20%
Don’t Say You Love Me Jin
10%
VOY A LLeVARTE PA PR Bad Bunny
10%
La Plena W sound
5%
VeLDÁ Bad Bunny
5%
I Really Like ou Carly Rae Jepsen
0%
No matching quizzes found
Score Distribution
Percent of People with Each Score
Percentile by Number Answered
Your Score History
You have not taken this quiz